Gares sur les lignes de Deauville - Statistiques

Statistiques générales
  • Ce quiz a été pris 9 fois
  • Le résultat moyen est 5 sur 9
Statistiques - réponses
Embranchement Gare % Correct
1 Lisieux
89%
0 Trouville - Deauville
89%
0 Dives - Cabourg
67%
0 Houlgate
67%
1 Pont-l'Evêque
67%
0 Blonville-sur-Mer - Bénerville
44%
1 Le Grand-Jardin
44%
0 Dives-sur-Mer-Port-Guillaume
22%
0 Villiers-sur-Mer
22%
Aucun quiz correspondant
Distribution des résultats
% des personnes avec chaque résultat
Percentile par nombre de réponses
Votre historique - résultats
Vous n’avez pas pris ce quiz